En torno de las ideas comunistas de Platón / (Record no. 41542)
[ view plain ]
| 000 -LEADER | |
|---|---|
| campo de control de longitud fija | 00607nam a2200181 i 4500 |
| 001 - NÚMERO DE CONTROL | |
| campo de control | 41542 |
| 003 - IDENTIFICADOR DE NÚMERO DE CONTROL | |
| campo de control | ES-MaACL |
| 005 - FECHA Y HORA DE LA ÚLTIMA TRANSACCIÓN | |
| campo de control | 20251004063101.0 |
| 007 - CAMPO FIJO DE DESCRIPCIÓN FÍSICA--INFORMACIÓN GENERAL | |
| campo de control de longitud fija | t| |
| 008 - DATOS DE LONGITUD FIJA--INFORMACIÓN GENERAL | |
| campo de control de longitud fija | 030311s1929 sp ||||1| spa d |
| 100 1# - ENTRADA PRINCIPAL--NOMBRE DE PERSONA | |
| Nombre de persona | Carballo Calero, Ricardo, |
| Fechas asociadas al nombre | 1910-1990 |
| 9 (RLIN) | 35008 |
| 245 10 - MENCIÓN DEL TÍTULO | |
| Título | En torno de las ideas comunistas de Platón / |
| Mención de responsabilidad, etc. | conferencia pronunciada por Ricardo Carballo Calero. |
| 260 ## - PUBLICACIÓN, DISTRIBUCIÓN, ETC. | |
| Lugar de publicación, distribución, etc. | Ferrol : |
| Nombre del editor, distribuidor, etc. | El Correo Gallego, |
| Fecha de publicación, distribución, etc. | 1929. |
| 300 ## - DESCRIPCIÓN FÍSICA | |
| Extensión | 34 p. ; |
| Dimensiones | 21 cm. |
| 594 ## - Nota al título y mención de responsabilidad | |
| Nota al título y mención de responsabilidad | Precede al tít.: Biblioteca del "Centro Obrero de Cultura" |
| 852 ## - LOCALIZACIÓN | |
| Ubicación | ES-MaACL |
| Número de control de estantería | 1779-F-17 |
| Estatus retirado | Estado de pérdida | Estado de daño | No para préstamo | Colección | Biblioteca de origen | Biblioteca actual | Ubicación en estantería | Fecha de adquisición | Fuente de adquisición | Total de préstamos | Signatura topográfica completa | Código de barras | Visto por última vez | Precio de reemplazo | Tipo de ítem Koha |
|---|---|---|---|---|---|---|---|---|---|---|---|---|---|---|---|
| Colección de folletos | Biblioteca del Ateneo de Madrid | Biblioteca del Ateneo de Madrid | Depósito folletos | 17/01/2008 | 1779-F-17 | 1043731 | 23/02/2023 | 23/02/2023 | Folleto |
